Návrh postupu riadenia finančných rizík v podmienkach malého a stredného podnikania

Popis postupu riadenia finančných rizík v podniku s využitím základných finančných výkazov, výsledkom ktorého je posúdenie finančného zdravia podniku a vhodné riadenie finančných rizík. Možnosti aplikácie navrhovaného postupu riadenia finančných rizík podniku.

Salvato in:
Dettagli Bibliografici
Autore principale: Brezina, Daniel
Altri autori: Masár, Matej
Natura: Capitolo di libro
Lingua:slovacco
Soggetti:
Tags: Aggiungi Tag
Nessun Tag, puoi essere il primo ad aggiungerne!!

MARC

LEADER 00000naa a2200000 4500
001 0250640
005 20220718123932.3
041 0 |a slo 
044 |a SK 
245 1 0 |a Návrh postupu riadenia finančných rizík v podmienkach malého a stredného podnikania  |c Daniel Brezina, Matej Masár 
520 |a Popis postupu riadenia finančných rizík v podniku s využitím základných finančných výkazov, výsledkom ktorého je posúdenie finančného zdravia podniku a vhodné riadenie finančných rizík. Možnosti aplikácie navrhovaného postupu riadenia finančných rizík podniku. 
610 2 0 |a riadenie rizík 
610 2 0 |a riziko finančné 
610 2 0 |a podnikanie malé 
610 2 0 |a podnikanie stredné 
610 2 0 |a diagnostika podniková 
610 2 0 |a analýza finančná 
610 2 0 |a risk management 
100 1 |a Brezina, Daniel 
700 1 |a Masár, Matej